| 000 | 00000cam 2200000zi 4500 |
| 001 | 9.558000 |
| 003 | CaOODSP |
| 005 | 20250410165338 |
| 007 | cr ||||||||||| |
| 008 | 150406s2001||||xxc|||||o f|0| 0 eng d |
| 020 | |a0-662-31329-1 |
| 022 | |a1205-9153 |
| 040 | |aCaOODSP|beng |
| 043 | |an-cn--- |
| 086 | 1 |aCS11-0019/180E-PDF|zCS11-0019/180E-IN |
| 100 | 1 |aBaldwin, John R. |eauthor.|q(John Russel) |
| 245 | 10|aDifferences in interprovincial productivity levels / |cby John R. Baldwin et al. |
| 260 | |aOttawa, Ontario : |bStatistics Canada, |cDecember 2001. |
| 300 | |a1 online resource (42 pages) : |bgraph, references, tables. |
| 336 | |atext|btxt|2rdacontent |
| 337 | |acomputer|bc|2rdamedia |
| 338 | |aonline resource|bcr|2rdacarrier |
| 490 | 1 |aAnalytical Studies Branch research paper series ; |x1205-9153|vNo. 180 |
| 520 | 3 |a"Using decomposition analysis, this paper compares labour productivity across provincial business sectors, separating them into differences attributable to industry mix and to real productivity differences. Industry-mix effects capture differences in industry structure, whereas real productivity differences capture the difference in value-added per job in a given industry compared to the same industry in Ontario (the control province used in this study)"--Executive summary. |
| 590 | |a12-37-Supp|b2012-09-24 |
| 710 | 2 |aStatistics Canada, |eissuing body. |
| 775 | 08|tDifférences de productivité entre les provinces / |w(CaOODSP)9.590995 |
| 776 | 0#|tDifferences in interprovincial productivity levels / |w(CaOODSP)9.615837 |
| 830 | #0|aResearch paper series (Statistics Canada. Analytical Studies Branch)|x1205-9153|vNo. 180|w(CaOODSP)9.504421 |
| 856 | 40|ahttp://publications.gc.ca|qPDF|s371 KB|uhttps://publications.gc.ca/collections/Collection/CS11-0019-180E.pdf|yNo. 180 |